[Event "HCL-M009"]
[Site "www.playchess.de"]
[Date "2001.03.14"]
[Round "8"]
[White "ajedrez"]
[Black "Exchange_with_Tempo"]
[WhiteElo "2310"]
[BlackElo "2227"]
[PlyCount "33"]
[Result "1/2-1/2"]

1.e4 c6 2.d4 d5 3.Nc3 dxe4 4.Nxe4 Nd7 5.Nf3 Ngf6 
6.Nxf6+ Nxf6 7.Ne5 Nd7 8.Nf3 Nf6 9.Bc4 Bf5 10.O-O 
e6 11.c3 Bd6 12.Ne5 Nd5 13.Qe2 O-O 14.f4 h6 15.Bb3 
Qe7 16.Bd2 c5 17.Rac1 1/2-1/2

[Event "HCL-M010"]
[Site "www.playchess.de"]
[Date "2001.03.14"]
[Round "1"]
[White "Zsozso"]
[Black "Utesch"]
[WhiteElo "2200"]
[BlackElo "2433"]
[PlyCount "54"]
[Result "1/2-1/2"]

1.e4 c5 2.Nf3 e6 3.d4 cxd4 4.Nxd4 Qb6 5.Nc3 a6 
6.Be2 Nc6 7.Nb3 Nf6 8.O-O Qc7 9.f4 d6 10.Be3 b5 
11.a3 Bb7 12.f5 Be7 13.fxe6 fxe6 14.Bh5+ g6 15.Bg4 
Bc8 16.Bh6 Nxg4 17.Qxg4 Bf8 18.Qh4 Bxh6 19.Qxh6 
Ne5 20.Rad1 Ra7 21.Nd4 Qc5 22.Kh1 Rf7 23.Rxf7 Nxf7 
24.Qh4 O-O 25.Qe7 Qg5 26.Qxg5 Nxg5 27.Nf3 
Nf7 1/2-1/2

[Event "ACL-A065"]
[Site "www.playchess.de"]
[Date "2001.03.14"]
[Round "10"]
[White "Dimentiy"]
[Black "Edik"]
[WhiteElo "1500"]
[BlackElo "1500"]
[PlyCount "38"]
[Result "1/2-1/2"]

1.e4 c6 2.d4 d5 3.e5 Bf5 4.Nc3 e6 5.g4 Bg6 6.Nge2 
h6 7.Be3 Nd7 8.Qd2 Qc7 9.O-O-O O-O-O 10.h4 Bb4 
11.h5 Bh7 12.a3 Ba5 13.b4 Bb6 14.Na4 Ne7 15.Bg2 a6 
16.f4 Ba7 17.Nb2 b6 18.Rhf1 c5 19.Qc3 
c4 1/2-1/2

[Event "ACL-A070"]
[Site "www.playchess.de"]
[Date "2001.03.14"]
[Round "11"]
[White "aldi"]
[Black "cabe"]
[WhiteElo "1500"]
[BlackElo "1500"]
[PlyCount "53"]
[Result "1-0"]

1.c4 Nf6 2.Nc3 d5 3.cxd5 Nxd5 4.Nf3 g6 5.e4 Nxc3 
6.bxc3 Bg7 7.d4 O-O 8.Bc4 Nc6 9.O-O Bg4 10.Ba3 Na5 
11.Bd3 Qe8 12.h3 Be6 13.d5 Bd7 14.Rc1 Ba4 15.Qd2 
{a real close and tight game}  b6 {To be honest, I 
have no idea how it will end (and I have to think 
a lot).}  16.c4 Nb7 17.e5 Qd7 18.Rfe1 c6 19.Re4 c5 
20.e6 fxe6 21.Rxe6 Nd6 {Only typing this in order 
to erase the previous message!}  22.Bb2 Bxb2 
23.Qxb2 Qb7 24.Bxg6 Nf7 25.Bxh7+ Kxh7 26.Qb1+ Kh8 
27.Ng5 1-0

[Event "ACL-A074"]
[Site "www.playchess.de"]
[Date "2001.03.14"]
[Round "21"]
[White "Tarahumara"]
[Black "chrisg"]
[WhiteElo "947"]
[BlackElo "1784"]
[PlyCount "68"]
[Result "0-1"]

1.e4 c6 2.Qh5 Nf6 3.Qf3 d5 4.exd5 cxd5 5.d4 Nc6 
6.c3 Bg4 7.Qg3 e6 8.Bg5 Bf5 9.Bd3 Qb6 10.b4 Nxd4 
11.Na3 Bxb4 12.cxb4 Qxb4+ 13.Bd2 Qxa3 14.Bxf5 Qxg3 
15.hxg3 exf5 16.Rc1 O-O 17.Nf3 Rfe8+ 18.Be3 Nc6 
19.Rh3 d4 20.Ke2 Ng4 21.Ng5 h6 22.Nf3 dxe3 23.fxe3 
Rxe3+ 24.Kf1 Ra3 25.Nh4 Rxa2 26.Nxf5 Rf2+ 27.Ke1 
Re8+ 28.Kd1 Rxf5 29.Rh4 Rd5+ 30.Kc2 Re2+ 31.Kb3 
Rd3+ 32.Kc4 Nce5+ 33.Kb5 Rb2+ 34.Kc5 
b6+ 0-1

[Event "HCL-B149"]
[Site "www.playchess.de"]
[Date "2001.03.14"]
[Round "19"]
[White "iq160"]
[Black "Rygars"]
[WhiteElo "998"]
[BlackElo "1502"]
[PlyCount "42"]
[Result "0-1"]

1.e4 c6 2.d4 d5 3.exd5 cxd5 4.c4 Nf6 5.Nc3 g6 
6.Qb3 Bg7 7.cxd5 O-O 8.Be2 Nbd7 9.Bf3 Nb6 10.Nge2 
Bf5 11.Nf4 g5 12.Nh5 Nxh5 13.Bxh5 e6 14.g4 {I'm 
gonna have a break for a couple of days, so long.} 
 Bd3 {Not a problem. Take care.}  15.dxe6 fxe6 
16.Qxe6+ Kh8 17.Be3 Bc4 18.Qe4 Nd5 19.Rg1 Qb6 
20.Rc1 Rad8 21.Rc2 Nxe3 0-1

[Event "HCL-C158"]
[Site "www.playchess.de"]
[Date "2001.03.14"]
[Round "1"]
[White "arsenic"]
[Black "weebs"]
[WhiteElo "1248"]
[BlackElo "1000"]
[PlyCount "31"]
[Result "1-0"]

1.e4 e5 2.Nf3 Nc6 3.Bc4 h6 4.d4 exd4 5.c3 dxc3 
6.Nxc3 d6 7.O-O Nf6 8.Re1 Be7 9.e5 dxe5 10.Qxd8+ 
Nxd8 11.Nxe5 O-O 12.Ng6 Bd6 13.Nxf8 Bxf8 14.Bf4 
Bd6 15.Bxd6 cxd6 16.Nd5 1-0

[Event "HCL-A069"]
[Site "www.playchess.de"]
[Date "2001.03.14"]
[Round "20"]
[White "Lacey"]
[Black "kondor"]
[WhiteElo "1779"]
[BlackElo "1622"]
[PlyCount "27"]
[Result "1/2-1/2"]

1.d4 Nf6 2.Bf4 d5 3.e3 e6 4.Nd2 c5 5.Ngf3 Nc6 
6.Bb5 Qb6 7.Qe2 c4 8.a4 Bd7 9.O-O Nb8 10.e4 Nxe4 
11.Nxe4 dxe4 12.Bxd7+ Nxd7 13.Qxe4 Nf6 
14.Qe2 1/2-1/2

[Event "HCL-B152"]
[Site "www.playchess.de"]
[Date "2001.03.14"]
[Round "11"]
[White "Tinho"]
[Black "Ciociosan"]
[WhiteElo "1200"]
[BlackElo "1500"]
[PlyCount "96"]
[Result "1/2-1/2"]

1.e4 c6 2.d4 d5 3.Nc3 dxe4 4.Nxe4 Bf5 5.Ng3 Bg6 
6.h4 h6 7.Nf3 Nd7 8.h5 Bh7 9.Bd3 Bxd3 10.Qxd3 e6 
11.Bd2 Qc7 12.O-O-O Ngf6 13.Ne4 O-O-O 14.Kb1 Nxe4 
15.Qxe4 Nf6 16.Qe2 Rd5 17.c4 Rxh5 18.Rxh5 Nxh5 
19.d5 exd5 20.cxd5 Nf6 21.dxc6 bxc6 22.Bc3 Be7 
23.Ne5 Nd5 24.Bd4 Bf6 25.Nxc6 Bxd4 26.Nxd4 Kb8 
27.Nb5 Qc6 28.Qe5+ Nc7 29.Rc1 Qxb5 30.Qxc7+ Ka8 
31.Qxf7 Rd8 32.Qf3+ Qb7 33.Qxb7+ Kxb7 34.g4 Rd4 
35.f3 Rf4 36.Rf1 g6 37.Kc2 h5 38.gxh5 gxh5 39.Kd2 
h4 40.Ke3 Rf7 41.f4 Kc6 42.Ke4 Rb7 43.f5 h3 44.f6 
h2 45.Kf3 Kd7 46.Kg2 Rxb2+ 47.Kh1 Ke8 48.f7+ 
Kf8 1/2-1/2

[Event "HCL-E020"]
[Site "www.playchess.de"]
[Date "2001.03.14"]
[Round "20"]
[White "tyhee"]
[Black "d2d4"]
[WhiteElo "2060"]
[BlackElo "2029"]
[PlyCount "31"]
[Result "1-0"]

1.e4 {hi, good luck.  seems i've started the wrong 
pawn, going by your login name. :)}  d6 {hi, good 
luck, I have lost a lot of game beginning with e4, 
but this was not because of the first mo}  2.d4 
Nf6 3.Nc3 g6 4.Nf3 Bg7 5.Be2 c6 6.O-O O-O 7.Re1 b5 
8.e5 dxe5 9.Nxe5 Nfd7 10.Nf3 b4 11.Ne4 e5 12.Bg5 
Qc7 13.Be7 Re8 14.Bxb4 exd4 15.Bc4 c5 
16.Bxf7+ 1-0

[Event "HCL-B154"]
[Site "www.playchess.de"]
[Date "2001.03.14"]
[Round "8"]
[White "crapulamaster"]
[Black "Mother_Teresa"]
[WhiteElo "1500"]
[BlackElo "1173"]
[PlyCount "61"]
[Result "1-0"]

1.d4 {why dont advice us the game start, good 
luck}  d5 2.c4 {how can i beat a god´s daughther?} 
 c6 {Easy, everyone else does.}  3.Nf3 {dont cry, 
....yet!}  Nf6 4.g3 {hi again}  e6 5.Bg2 Bb4+ 
6.Bd2 {you play blitz!}  Bxd2+ {Do you ever play 
on "zone.com"?}  7.Nbxd2 {no, but we could met to 
play blitz there.}  O-O {I play on the zone.com 
once in a while.  Look for Mother_Teresa1}  8.Qc2 
{see you soon in zone.com}  dxc4 9.Nxc4 {which 
part from USA?}  b5 {Arizona}  10.Nce5 {hi 
cowgirl}  Bb7 {strictly a vegetarian}  11.O-O 
{living in texas, the only one.}  Nd5 12.Rac1 
{when U want met in Zone.}  Nd7 {I usually play in 
the beginners room on zone.com when I log on.}  
13.Nxc6 {how old?}  Bxc6 14.Qxc6 a6 15.Qc2 N7b6 
16.b3 {i cant let your knight in c4...sorry}  Rc8 
17.Qd2 {good morning!}  Qe7 18.e4 Nf6 19.Ne5 {hi 
again}  Qb7 20.Rxc8 {sorry for delay...i had an 
exam}  Rxc8 {I hope your exam went well.}  21.Rc1 
{i hope so! THX.}  Nxe4 22.Rxc8+ Nxc8 23.Qa5 g6 
24.Bxe4 Qxe4 25.Qd8+ Kg7 26.Qxc8 {sorry, computer 
broken}  Qxd4 27.Qc7 {hi again.....}  Qd1+ 28.Kg2 
{when you move i dont recive any mail...}  Qd5+ 
{What do you mean, you don't receive any mail when 
I move?}  29.Kh3 {i have just received the last 
one, Ths for your interest, R U conected, would U 
like to talk or play}  Kf6 30.Qxf7+ {it was a 
pleasure play with you, im sure that you´ll 
improve your play. You have a friend in spain.}  
Kxe5 31.Qf4+ {crapulamaster@yahoo.es} 
 1-0

[Event "HCL-C166"]
[Site "www.playchess.de"]
[Date "2001.03.14"]
[Round "6"]
[White "Pocman"]
[Black "Pietros"]
[WhiteElo "1600"]
[BlackElo "1413"]
[PlyCount "66"]
[Result "1/2-1/2"]

1.d4 d5 2.c4 e6 3.Nc3 Bb4 4.e3 Nf6 5.Bd2 Bxc3 
6.Bxc3 Ne4 7.Bb4 Qf6 8.Qc2 Nc6 9.Ba3 Qg6 10.Nf3 f6 
11.cxd5 exd5 12.g3 Bd7 13.Bd3 O-O-O 14.Nd2 Bf5 
15.Nxe4 Bxe4 16.Bxe4 dxe4 17.Rc1 Qg4 18.Qc5 Rhe8 
19.b4 Qf3 20.O-O a6 21.Bb2 Qe2 22.Qc3 Kb8 23.a4 
Rd7 24.Rca1 Ne7 25.b5 Nd5 26.Qb3 a5 27.Ba3 g6 
28.Rac1 Qh5 29.Rc6 Rdd8 30.Rc5 Rd7 31.Rfc1 Qf5 
32.Qc2 Qe6 33.Qd2 Qh3 1/2-1/2

[Event "HCL-B162"]
[Site "www.playchess.de"]
[Date "2001.03.14"]
[Round "1"]
[White "orange"]
[Black "pird"]
[WhiteElo "1029"]
[BlackElo "1498"]
[PlyCount "70"]
[Result "0-1"]

1.e4 {hello}  c6 2.d4 d5 3.c4 dxe4 4.f3 exf3 
5.Nxf3 Bg4 6.Be2 e6 7.Be3 Nf6 8.O-O Bd6 9.Qe1 O-O 
10.b4 Qc7 11.g3 Nbd7 12.Kg2 e5 13.c5 Be7 14.Nc3 a5 
15.b5 exd4 16.Bxd4 Nxc5 17.a4 {my position is very 
bad}  Nb3 18.Rb1 Bxf3+ 19.Bxf3 Nxd4 20.Rb2 Bb4 
21.Ra2 cxb5 22.Qd2 Qxc3 23.Qxc3 Bxc3 24.axb5 {not 
even difficult resistance can i position.}  Nxf3 
25.Rxf3 Bb4 26.h3 Rfe8 27.g4 Re5 28.Rf5 {the end 
is near :-(}  Rxf5 29.gxf5 Re8 30.Rc2 h6 31.Rc7 b6 
32.Rb7 Bc5 33.Ra7 Nd5 34.Rd7 Nc3 35.Rb7 
Nxb5 0-1

[Event "HCL-A071"]
[Site "www.playchess.de"]
[Date "2001.03.14"]
[Round "20"]
[White "kherubim"]
[Black "Stema"]
[WhiteElo "1667"]
[BlackElo "1686"]
[PlyCount "63"]
[Result "1/2-1/2"]

1.d4 Nf6 2.c4 e6 3.Nc3 d5 4.Nf3 c6 5.Bg5 dxc4 6.e4 
b5 7.e5 h6 8.Bh4 g5 9.Nxg5 hxg5 10.Bxg5 Nbd7 
11.exf6 Bb7 12.g3 c5 13.d5 Nxf6 14.Bg2 Be7 15.O-O 
Nxd5 16.Bxe7 Kxe7 17.Nxb5 Qa5 18.a4 a6 19.Na3 c3 
20.Qe1 Rab8 21.Nc2 Rh5 22.Ra3 Rbh8 23.h4 Bc6 
24.Bf3 Rf5 25.Bxd5 Rxd5 26.Ne3 Rg5 27.bxc3 c4 
28.f4 Rxh4 29.fxg5 Rh1+ 30.Kf2 Rh2+ 31.Kg1 Rh1+ 
32.Kf2 1/2-1/2

[Event "HCL-A071"]
[Site "www.playchess.de"]
[Date "2001.03.14"]
[Round "21"]
[White "Spiridonas"]
[Black "kherubim"]
[WhiteElo "1592"]
[BlackElo "1667"]
[PlyCount "40"]
[Result "0-1"]

1.e4 d5 {Hi! May I ask you a question? Does your 
nickname have a particuliar signification in 
greek?}  2.exd5 {Absolutely none! Thats my actual 
name but people call me Spiros}  Nf6 {Okay !}  
3.c4 e6 4.dxe6 Bxe6 {Nice weather in Greece?}  
5.d4 {Kinda cold these days}  Bb4+ {Well, I wonder 
what a Greek may call "cold" ;-) 10°c as we have 
in Nancy?}  6.Nc3 {It used to be less! But today 
is much warmer... You know, I may visit Paris in a 
few weeks.}  Ne4 {Well, I hope you'll enjoy it! if 
you want my e-mail for any questions about your 
visit, just ask.}  7.Bd2 Qxd4 8.Nxe4 Qxe4+ 9.Qe2 
Bxd2+ 10.Kxd2 Qf4+ 11.Qe3 Qxe3+ 12.Kxe3 Nc6 13.Nf3 
O-O-O 14.Ng5 Rhe8 15.Nxe6 Rxe6+ 16.Kf4 Rd4+ 17.Kf3 
Ne5+ 18.Ke3 c5 19.f4 Nd3+ 20.Kd2 
Nf2+ 0-1

[Event "HCL-A071"]
[Site "www.playchess.de"]
[Date "2001.03.14"]
[Round "26"]
[White "Stema"]
[Black "Rifleman"]
[WhiteElo "1686"]
[BlackElo "1678"]
[PlyCount "45"]
[Result "1-0"]

1.d4 d5 2.c4 dxc4 3.e4 c5 4.d5 Nf6 5.Qa4+ Bd7 
6.Qxc4 b5 7.Qe2 b4 8.Bg5 e6 9.Nd2 Be7 10.d6 Bf8 
11.e5 h6 12.Be3 Nd5 13.Bxc5 Nc6 14.Ngf3 Qb8 
15.O-O-O a5 16.g3 f6 17.exf6 gxf6 18.Bh3 Bxd6 
19.Ne4 Bxc5 20.Nxc5 Qd6 21.Nxd7 Kf7 22.Rhe1 Rhe8 
23.Qc2 1-0

[Event "HCL-A072"]
[Site "www.playchess.de"]
[Date "2001.03.14"]
[Round "4"]
[White "peze"]
[Black "JOPE"]
[WhiteElo "1959"]
[BlackElo "1377"]
[PlyCount "47"]
[Result "1-0"]

1.e4 {Hello! Let's have a nice game. Good luck!}  
c5 {Greetings from Stockholm, Sweden!}  2.Nf3 
{Greetings from Wuppertal, Germany}  d6 3.d4 cxd4 
4.Nxd4 Nf6 5.Nc3 a6 6.Be3 Nc6 7.Bc4 e6 8.Qe2 Bd7 
9.O-O-O Be7 10.Bb3 Rc8 11.Nxc6 Rxc6 12.Bd4 e5 
13.Be3 Rxc3 {Hmm, the whole board is crying for 
this one...}  14.bxc3 {...exactly! :-)}  Nxe4 
15.Qc4 Ng5 16.Bxg5 Bxg5+ 17.Kb1 Qe7 18.Qb4 Bc6 
19.Bd5 O-O 20.Bxc6 bxc6 21.Qxd6 Qxd6 22.Rxd6 Be7 
23.Rxc6 Ba3 24.Ka1 1-0

[Event "HCL-E022"]
[Site "www.playchess.de"]
[Date "2001.03.14"]
[Round "6"]
[White "Eagle"]
[Black "pep1tere"]
[WhiteElo "2000"]
[BlackElo "2000"]
[PlyCount "32"]
[Result "0-1"]

1.d4 Nf6 2.c4 e6 3.Nc3 Bb4 4.Bg5 h6 5.Bh4 c5 6.d5 
b5 7.e3 bxc4 8.Bxc4 Bb7 9.Nf3 exd5 10.Bxf6 Qxf6 
11.Bxd5 Bxc3+ 12.bxc3 Qxc3+ 13.Kf1 Bxd5 14.Rc1 Qa3 
15.Rc2 Be4 16.Rd2 O-O 0-1

[Event "ACL-A096"]
[Site "www.playchess.de"]
[Date "2001.03.14"]
[Round "2"]
[White "celle"]
[Black "bj2000de"]
[WhiteElo "1500"]
[BlackElo "1500"]
[PlyCount "46"]
[Result "0-1"]

1.e4 e6 2.d4 d5 3.e5 c5 4.c3 Nc6 5.Nf3 f6 6.Bb5 
Bd7 7.O-O Nxe5 8.Bxd7+ Nxd7 9.Re1 Qb6 10.Qe2 Kf7 
11.Bf4 Ne7 12.dxc5 Nxc5 13.Be3 Nf5 14.b4 Nxe3 
15.bxc5 Bxc5 16.fxe3 Rac8 17.Nbd2 Rhd8 18.Kh1 Qc6 
19.e4 e5 20.Rad1 dxe4 21.Nxe4 Bb6 22.Nh4 g6 23.Qg4 
Qe6 0-1

[Event "ACL-A096"]
[Site "www.playchess.de"]
[Date "2001.03.14"]
[Round "3"]
[White "chesssk"]
[Black "celle"]
[WhiteElo "1500"]
[BlackElo "1500"]
[PlyCount "47"]
[Result "1-0"]

1.e4 c5 2.Nf3 Nc6 3.d4 cxd4 4.Nxd4 Nf6 5.Nxc6 bxc6 
6.Nc3 e5 7.Be2 Bb4 8.Qd3 O-O 9.O-O d5 10.exd5 cxd5 
11.Bg5 Bxc3 12.bxc3 Rb8 13.Rab1 Rxb1 14.Rxb1 Be6 
15.Rb7 a5 16.Qb5 h6 17.Bxf6 Qxf6 18.Qxa5 Qf4 
19.Qc7 Qc1+ 20.Bf1 Qxc2 21.Qxe5 Qxa2 22.Re7 Qd2 
23.h3 Ra8 24.g4 1-0

[Event "HCL-C187"]
[Site "www.playchess.de"]
[Date "2001.03.14"]
[Round "5"]
[White "xerxes2u"]
[Black "Eddie"]
[WhiteElo "1375"]
[BlackElo "1344"]
[PlyCount "61"]
[Result "1-0"]

1.Nf3 d5 2.g3 b6 3.Bg2 Bb7 4.O-O e6 5.d3 h6 6.Nbd2 
Nf6 7.b3 Bd6 8.Bb2 O-O 9.Re1 Nbd7 10.e4 dxe4 
11.dxe4 e5 12.c4 Nc5 13.Nxe5 Bxe5 14.Bxe5 Nd3 
15.Bxf6 Qxf6 16.Re2 Rfe8 17.f3 Rad8 18.Rb1 Rd7 
19.Qf1 Qg5 20.f4 Qc5+ 21.Kh1 f5 {I guess this a 
great game}  22.e5 {Tense, not much room for 
error}  Bxg2+ 23.Qxg2 Nb4 24.Nf3 Red8 25.Qg1 Qxg1+ 
26.Kxg1 R7d1+ 27.Rxd1 Rxd1+ 28.Kg2 Kf7 29.e6+ Ke7 
30.Nh4 Rd6 31.Nxf5+ 1-0

[Event "HCL-E028"]
[Site "www.playchess.de"]
[Date "2001.03.14"]
[Round "1"]
[White "Jeroen"]
[Black "FD515"]
[WhiteElo "2164"]
[BlackElo "2050"]
[PlyCount "46"]
[Result "0-1"]

1.e4 e5 2.f4 exf4 3.Nf3 g5 4.h4 g4 5.Ne5 h5 6.Bc4 
Nh6 7.d4 d6 8.Nd3 f3 9.gxf3 Be7 10.Be3 Bxh4+ 
11.Kd2 Nc6 12.Bb5 a6 13.Ba4 b5 14.Bb3 Na5 15.Nf4 
Bg5 16.Rxh5 Qf6 17.e5 dxe5 18.Nd5 Bxe3+ 19.Nxe3 
exd4 20.Nd5 Qd6 21.Qe2+ Kf8 22.Qe4 gxf3 23.Qxd4 
Rg8 0-1

[Event "HCL-E028"]
[Site "www.playchess.de"]
[Date "2001.03.14"]
[Round "2"]
[White "Radost"]
[Black "Jeroen"]
[WhiteElo "1959"]
[BlackElo "2164"]
[PlyCount "34"]
[Result "0-1"]

1.e4 e5 {Good luck! (Hals und Beinbruch :))}  
2.Nf3 {Thanks! A nice german congratulation! A 
fracture of all fingers is the worst ('cause of 
chessplay)}  Nf6 3.Nxe5 d6 4.Nf3 Nxe4 5.d4 d5 
6.Bd3 Nc6 7.O-O Be7 8.Re1 Bg4 9.Bb5 O-O 10.Bxc6 
bxc6 11.Qd3 Re8 12.Nc3 Bb4 13.Ne5 Bf5 14.Bd2 c5 
15.Nc6 Qh4 16.g3 Qg4 17.Nxd5 Bxd2 0-1

[Event "HCL-E024"]
[Site "www.playchess.de"]
[Date "2001.03.14"]
[Round "36"]
[White "KARFOPOULOS"]
[Black "GOUSGOUNIS"]
[WhiteElo "2350"]
[BlackElo "2000"]
[PlyCount "40"]
[Result "1/2-1/2"]

1.e4 c5 {GEIA SOU PATRIDA.KALH TYXH!!!}  2.Nf3 
{GEIA SOU KAI SENA,KALH TYXH!!}  d6 3.d4 cxd4 
4.Nxd4 Nf6 5.Nc3 a6 6.Bg5 e6 7.f4 b5 8.e5 dxe5 
9.fxe5 Qc7 10.exf6 Qe5+ 11.Be2 Qxg5 12.Qd3 Qxf6 
13.Rf1 Qe5 14.Rd1 Ra7 15.Nf3 Qc7 16.Ng5 f5 17.Qd4 
Qe7 18.Bh5+ g6 19.Qxh8 Qxg5 20.Bf3 
Nd7 1/2-1/2

[Event "ACL-A096"]
[Site "www.playchess.de"]
[Date "2001.03.14"]
[Round "13"]
[White "celle"]
[Black "daniela"]
[WhiteElo "1500"]
[BlackElo "1500"]
[PlyCount "30"]
[Result "0-1"]

1.e4 e6 {hallo, freue mich auf dieses Spiel und 
hoffe, dass es ineressant wird.}  2.d4 d5 3.Nd2 c5 
4.exd5 Qxd5 {Ich probiere mal etwas anderes als 
exd5! Mal schaun, was daraus wird!}  5.Ngf3 Nc6 
6.Bc4 Qd8 {Keine Lust zum Chatten? o.k.}  7.Nb3 
cxd4 8.Nbxd4 Nxd4 9.Qxd4 Qxd4 10.Nxd4 Bc5 11.Nb5 
{wusstest du das vitalee (gegen ihn spielst du 
einen Partie) in meinem Verein ist?}  Bb6 {Nein, 
wie sollte ich? Mir fiel nur auf, dass ihr etwa 
gleich alt seid!}  12.Be3 Bxe3 13.Nc7+ Ke7 14.Nxa8 
Bf4 15.g3 Bb8 0-1

[Event "HCL-B164"]
[Site "www.playchess.de"]
[Date "2001.03.14"]
[Round "3"]
[White "serpens"]
[Black "Stefan"]
[WhiteElo "1500"]
[BlackElo "1377"]
[PlyCount "27"]
[Result "1-0"]

1.e4 d6 2.d4 Nf6 3.Nc3 g6 4.Bg5 Bg7 5.f4 O-O 6.Qd2 
c6 7.O-O-O b5 8.a3 a5 9.e5 b4 10.Nb1 Ne4 11.Qe3 
Nxg5 12.fxg5 Qb6 13.Qb3 dxe5 14.dxe5 1-0

[Event "HCL-A082"]
[Site "www.playchess.de"]
[Date "2001.03.14"]
[Round "3"]
[White "Green_Lantern"]
[Black "WYSIWYG"]
[WhiteElo "1900"]
[BlackElo "1800"]
[PlyCount "43"]
[Result "1-0"]

1.e4 c5 {hello from Italy}  2.c3 {Greetings.}  Nc6 
3.d4 d5 4.exd5 Qxd5 5.Nf3 Bg4 6.Be2 Nf6 7.h3 Bh5 
8.c4 Qd7 9.g4 Bg6 10.d5 Nb4 11.Ne5 Qd6 12.Nxg6 
hxg6 13.a3 Na6 14.Nc3 Nc7 15.Qa4+ Nd7 16.Be3 b6 
17.O-O-O a6 18.Ne4 Qe5 19.Bd3 b5 {so u finally 
made a deal with your friend paule,tricky!}  
20.Qc2 {Perpetual check was inevitable.  Friend??} 
 bxc4 21.Bxc4 f5 22.Nxc5 1-0

[Event "HCL-M006"]
[Site "www.playchess.de"]
[Date "2001.03.14"]
[Round "27"]
[White "VladTepesh"]
[Black "Bronislaw"]
[WhiteElo "2200"]
[BlackElo "2371"]
[PlyCount "28"]
[Result "0-1"]

1.g4 {prepare for battle}  d5 {Hi! I'm from 
Romania. Good Luck !}  2.h4 {hello Im from TEXAS}  
Bxg4 3.Bh3 {I will surely taste blood again today} 
 Bxh3 {Are you sure?}  4.Nxh3 {the stench of death 
is in the midst}  e5 {OK}  5.e3 {Go ahead and take 
your time its OK.}  Qxh4 {:-))}  6.c3 {I was just 
kidding about taking your time.}  Nc6 7.Qb3 
{Please move more often this is getting monotenus} 
 O-O-O 8.c4 {your move}  Nd4 9.exd4 {your move}  
Qe4+ 10.Kd1 {youv obviously have fagoton who 
youare dealing with that move is temporely 
savedyou YOU WILL LOSE...}  Qxh1+ 11.Kc2 dxc4 
12.Qc3 {try as you can be you will never beat me 
.YOURMOVE..................................................} 
 exd4 {Are you kidding ?}  13.Qg3 {ANF..... No im 
not kidding  ImDEAD serious YOUthinkIts a joke.ITS 
your move.}  d3+ 14.Kc3 {your move}  
Qxc1+ 0-1

[Event "HCL-C185"]
[Site "www.playchess.de"]
[Date "2001.03.14"]
[Round "25"]
[White "craigsadler"]
[Black "Davey"]
[WhiteElo "552"]
[BlackElo "1000"]
[PlyCount "29"]
[Result "1-0"]

1.e4 e5 2.Nf3 Nc6 3.Bc4 Nf6 4.Ng5 d5 {Im rubbish 
today}  5.exd5 Nb4 6.d6 Nbd5 7.dxc7 Qxc7 8.Bxd5 
Nxd5 9.Qf3 f6 10.Qxd5 Qxc2 11.Qf7+ Kd8 12.O-O Bc5 
13.Ne6+ Bxe6 14.Qxe6 Qa4 15.Qd5+ 1-0

[Event "HCL-B191"]
[Site "www.playchess.de"]
[Date "2001.03.14"]
[Round "4"]
[White "steeve"]
[Black "bundori"]
[WhiteElo "1500"]
[BlackElo "1500"]
[PlyCount "36"]
[Result "1/2-1/2"]

1.e4 {hello and good luck}  e6 2.d4 d5 3.exd5 exd5 
4.c4 Nf6 5.Nc3 Bb4 6.Bd3 dxc4 7.Bxc4 O-O 8.Nge2 
Nbd7 9.O-O Nb6 10.Bb3 c6 11.a3 Bd6 12.Bg5 Bxh2+ 
13.Kh1 Bd6 14.Qd3 Be7 15.Nf4 Ng4 16.Bxe7 Qxe7 
17.g3 Re8 18.Kg2 Nh6 {share 1st place?} 
 1/2-1/2

[Event "HCL-B193"]
[Site "www.playchess.de"]
[Date "2001.03.14"]
[Round "1"]
[White "victor"]
[Black "Iron_Flower"]
[WhiteElo "1545"]
[BlackElo "1500"]
[PlyCount "31"]
[Result "1-0"]

1.e4 d5 2.exd5 Qxd5 3.Nc3 Qa5 4.d4 c6 5.Nf3 Bg4 
6.Be2 Nf6 7.O-O e6 8.Bg5 Bxf3 9.Bxf3 Qxg5 10.Re1 
Nd5 11.Nxd5 cxd5 12.c3 Bd6 13.c4 Nc6 14.cxd5 Ne5 
15.dxe5 Bb4 16.Qa4+ 1-0

[Event "HCL-A085"]
[Site "www.playchess.de"]
[Date "2001.03.14"]
[Round "4"]
[White "Tarrega"]
[Black "Lydeking"]
[WhiteElo "1700"]
[BlackElo "1530"]
[PlyCount "64"]
[Result "1/2-1/2"]

1.e4 {Greetings from Virginia, USA}  c5 2.Nf3 Nc6 
{Hi from Copenhagen, Denmark}  3.c3 e5 4.Be2 g6 
5.d3 Bg7 6.Bg5 Nge7 7.Qd2 d5 8.O-O O-O 9.Bh6 d4 
10.Bxg7 Kxg7 11.cxd4 cxd4 12.Na3 a6 13.Nc4 f6 
14.b4 b5 15.Na5 Nxa5 16.bxa5 Nc6 17.a4 Nxa5 18.Qb2 
Be6 19.Nd2 Rb8 20.axb5 Rxb5 21.Qa3 Rf7 22.Rfb1 
Rfb7 23.Rxb5 Rxb5 24.Nc4 Nxc4 25.dxc4 Rb6 26.c5 
Rc6 27.Bxa6 Qc7 28.Rb1 Bc8 29.Bxc8 Qxc8 30.Rb5 Ra6 
31.Ra5 Rxa5 32.Qxa5 Qb7 1/2-1/2

[Event "HCL-B193"]
[Site "www.playchess.de"]
[Date "2001.03.14"]
[Round "5"]
[White "dgrudny"]
[Black "Iron_Flower"]
[WhiteElo "1611"]
[BlackElo "1500"]
[PlyCount "29"]
[Result "1-0"]

1.e4 d5 {Hi, from Leeuwarden,the Netherlands. My 
very first move on this chess-site!}  2.exd5 Qxd5 
3.Nc3 Qa5 4.d4 c6 5.Nf3 Nf6 6.Bc4 Bg4 7.Bd2 Qc7 
8.h3 Bh5 9.g4 Bg6 10.Ne5 Nbd7 11.Qe2 Bxc2 12.Nxf7 
Rg8 13.Ng5 O-O-O 14.Bxg8 Nxg8 15.Ne6 1-0

[Event "ACL-A100"]
[Site "www.playchess.de"]
[Date "2001.03.14"]
[Round "5"]
[White "leo"]
[Black "Kimura"]
[WhiteElo "1500"]
[BlackElo "1500"]
[PlyCount "20"]
[Result "0-1"]

1.e4 e5 2.Nf3 Nc6 3.d4 exd4 4.Bc4 Bc5 5.c3 {hallo 
iam back}  Nf6 6.e5 d5 7.Bb5 Ne4 8.cxd4 Bb4+ 9.Bd2 
Nxd2 {Hi!}  10.Nbxd2 Bd7 0-1

[Event "ACL-A100"]
[Site "www.playchess.de"]
[Date "2001.03.14"]
[Round "6"]
[White "Rparkes"]
[Black "leo"]
[WhiteElo "1500"]
[BlackElo "1500"]
[PlyCount "31"]
[Result "1-0"]

1.d4 d5 2.c4 c6 3.Nc3 Nf6 4.Nf3 Bg4 5.Ne5 Bf5 
6.cxd5 Nxd5 7.e4 Nxc3 8.bxc3 Bxe4 9.Qb3 Qa5 
10.Qxb7 Qxc3+ 11.Ke2 Qxd4 12.Qc8+ Qd8 13.Qxd8+ 
Kxd8 14.Nxf7+ Ke8 15.Nxh8 e5 16.Bb2 1-0

[Event "HCL-C181"]
[Site "www.playchess.de"]
[Date "2001.03.14"]
[Round "21"]
[White "Edik"]
[Black "foxzy"]
[WhiteElo "677"]
[BlackElo "999"]
[PlyCount "31"]
[Result "1/2-1/2"]

1.e4 e5 2.Nf3 Nc6 3.Bb5 d6 4.d4 Bd7 5.Bxc6 Bxc6 
6.d5 Bd7 7.O-O Nf6 8.Re1 g6 9.c4 c6 10.Nc3 Bg7 
11.Bg5 Qb6 12.Qd2 O-O 13.h3 Rac8 14.b3 Qa5 15.Ne2 
Qb6 16.Ng3 1/2-1/2

[Event "HCL-A088"]
[Site "www.playchess.de"]
[Date "2001.03.14"]
[Round "7"]
[White "Lydeking"]
[Black "Rparkes"]
[WhiteElo "1662"]
[BlackElo "1700"]
[PlyCount "40"]
[Result "1/2-1/2"]

1.d4 d5 2.c4 c6 3.cxd5 cxd5 4.Nf3 Nf6 5.Nc3 Bf5 
6.Bf4 a6 7.e3 e6 8.Qa4+ Nbd7 9.Ne5 Be7 10.Nxd7 
Nxd7 11.Be2 O-O 12.O-O b5 13.Qd1 Rc8 14.Rc1 Nb6 
15.b3 Bd6 16.Bxd6 Qxd6 17.Bd3 Bxd3 18.Qxd3 b4 
19.Ne2 Nd7 20.Rc2 Qb6 1/2-1/2